Dalbergia sissoo : biology, ecology and sustainable agroforestry

Saved in:
Bibliografiske detaljer
Format: Bog
Sprog:engelsk
Udgivet: CRC Press 2022
Tags: Tilføj Tag
Ingen Tags, Vær først til at tagge denne postø!

MARC

LEADER 00000nam a22000007a 4500
008 240805b |||||||| |||| 00| 0 eng d
245 |a Dalbergia sissoo  |b  : biology, ecology and sustainable agroforestry  |c  / edited by Siddra Ijaz and Imran Ul Haq  |g xi, 193p: ill 
250 |c Ijaz, Siddra 
250 |c Haq, Imran Ui 
260 |b CRC Press  |c 2022  |h Boca Raton, FL  |i 702603  |i 702604  |l SB397.D15  |m Dalbergia sissoo 
500 |a it includes references and index 
942 |a lcc  |c BK  |e Johnson  |f 05/08/24 
952 |0 0  |1 0  |2 lcc  |4 0  |6 SB0397 D15  |7 0  |9 5418  |a AG  |b HOL  |c QZ  |d 2024-08-05  |l 0  |o SB397.D15  |p 2024-0659  |r 2024-08-05 00:00:00  |t 702603  |w 2024-08-05  |y BK 
952 |0 0  |1 0  |2 lcc  |4 0  |6 SB0397 D15  |7 0  |9 5419  |a HOL  |b HOL  |c QZ  |d 2024-08-05  |l 0  |o SB397.D15  |p 2024-0660  |r 2024-08-05 00:00:00  |t 702604  |w 2024-08-05  |y BK 
999 |c 2680  |d 2680